Premier League Appearances by Nationality: Argentina - Statistics

General Stats
  • This quiz has been taken 17 times
  • The average score is 5 of 10
Answer Stats
Appearances Player % Correct
275 Sergio Aguero
93%
202 Carlos Tevez
80%
189 Alexis Mac Allister
60%
216 Emiliano Martinez
60%
199 Federico Fernandez
60%
303 Pablo Zabaleta
60%
211 Fabricio Coloccini
40%
179 Manuel Lanzini
33%
177 Erik Lamela
20%
160 Claudio Yacob
0%
No matching quizzes found
Score Distribution
Percent of People with Each Score
Percentile by Number Answered
Your Score History
You have not taken this quiz